书目信息 |
| 题名: |
糖尿病防治手册之中医生活地图
|
|
| 作者: | 高思华 主编 | |
| 分册: | ||
| 出版信息: | 北京 中国中医药出版社 2016 |
|
| 页数: | 21,307页 | |
| 开本: | 21cm | |
| 丛书名: | ||
| 单 册: | ||
| 中图分类: | R587.1 | |
| 科图分类: | ||
| 主题词: | 糖尿病--tang niao bing--防治--基本知识 | |
| 电子资源: | ||
| ISBN: | 978-7-5132-3050-6 | |
| 000 | 00868nam0 22002291 450 | |
| 001 | 0122100715 | |
| 005 | 20170322105202.54 | |
| 010 | @a978-7-5132-3050-6@dCNY35.00 | |
| 100 | @a20161020d2016 em y0chiy50 ea | |
| 101 | 0 | @achi |
| 102 | @aCN@b110000 | |
| 105 | @ay z 000yy | |
| 106 | @ar | |
| 200 | 1 | @a糖尿病防治手册之中医生活地图@9tang niao bing fang zhi shou ce zhi zhong yi sheng huo di tu@f高思华主编 |
| 210 | @a北京@c中国中医药出版社@d2016 | |
| 215 | @a21,307页@d21cm | |
| 330 | @a本书分不同场景,从糖尿病及其并发症与相关病证的诊断、饮食、运动、用药等方面,对糖尿病及其并发症相关知识与生活宜忌等,用通俗易懂的语言,从中西医结合的视角进行了系统全面的介绍。 | |
| 606 | 0 | @a糖尿病@9tang niao bing@x防治@x基本知识 |
| 690 | @aR587.1@v5 | |
| 701 | 0 | @a高思华@9gao si hua@f(1957~)@4主编 |
| 801 | 0 | @aCN@bTANGWEI@c20170308 |
| 905 | @b0959054-7@dR587.1@e135@f4 | |
| 糖尿病防治手册之中医生活地图/高思华主编.-北京:中国中医药出版社,2016 |
| 21,307页;21cm |
| ISBN 978-7-5132-3050-6:CNY35.00 |
| 本书分不同场景,从糖尿病及其并发症与相关病证的诊断、饮食、运动、用药等方面,对糖尿病及其并发症相关知识与生活宜忌等,用通俗易懂的语言,从中西医结合的视角进行了系统全面的介绍。 |
| ● |
| 相关链接 |
|
|
|
|
正题名:糖尿病防治手册之中医生活地图
索取号:R587.1/135
 
预约/预借
| 序号 | 登录号 | 条形码 | 馆藏地/架位号 | 状态 | 备注 |
| 1 | 0959054 | 209590548 | 第二样本阅览室/ [索取号:R587.1/135] | 在馆 | |
| 2 | 0959055 | 209590557 | 第三借阅区/ [索取号:R587.1/135] | 在馆 | |
| 3 | 0959056 | 209590566 | 第三借阅区/ [索取号:R587.1/135] | 在馆 | |
| 4 | 0959057 | 209590575 | 第三借阅区/ [索取号:R587.1/135] | 在馆 |